Statistics for Pokemon that start with R

Click here to take the quiz!

General Stats

  • This quiz has been taken 553 times
    (348 since last reset)
  • The average score is 17 of 28

Answer Stats

Gen Answer % Correct
IRaticate
82%
IRattata
82%
IRaichu
74%
IIIRegirock
72%
IRhydon
72%
IIIRegice
71%
IRhyhorn
71%
IIIRegisteel
70%
IVRegigigas
68%
IIIRelicanth
64%
IIRemoraid
63%
IIIRayquaza
62%
IVRampardos
62%
IVRhyperior
62%
IRapidash
62%
IIRaikou
59%
IVRotom
56%
IIIRalts
56%
VRoggenrola
54%
VReshiram
52%
VIIRockruff
50%
IVRiolu
50%
IIIRoselia
48%
IVRoserade
45%
VIIRowlet
42%
VReuniclus
42%
VRufflet
36%
VIIRibombee
32%

Score Distribution

Percentile by Number Answered

Percent of People with Each Score

Your Score History

You have not taken this quiz since the last reset